| 000 | 00481nam a22001811a 4500 | ||
|---|---|---|---|
| 001 | 970 | ||
| 003 | OSt | ||
| 005 | 20260204211716.0 | ||
| 008 | 040115s1982||||dr ||||||b||||||||||spa|| | ||
| 050 | _aRD 329.7293d | ||
| 082 | _aRD 329.7293d | ||
| 100 | _aPrats-Ramírez De Pérez, Ivelisse | ||
| 245 | _aLos días difíciles / Ivelisse Prats-Ramírez de Pérez | ||
| 264 | _aSanto Domingo : [s.n.] | ||
| 300 | _a271 p. | ||
| 650 | _a1.Político-Grupo ProfesionalÌ | ||
| 942 |
_2ddc _cBK |
||
| 999 |
_c970 _d970 |
||